La eucaristía : textos del Vaticano II y de Pablo VI /
Tallennettuna:
| Päätekijä: | |
|---|---|
| Aineistotyyppi: | Kirja |
| Kieli: | espanja |
| Julkaistu: |
Madrid, España :
Editorial Católica,
1969, c1969
|
| Sarja: | (Biblioteca de Autores Cristianos Ediciones de Bolsillo ;
14) |
| Aiheet: | |
| Tagit: |
Ei tageja, Lisää ensimmäinen tagi!
|
MARC
| LEADER | 00000nam^a2200000^a^4500 | ||
|---|---|---|---|
| 001 | 000345432 | ||
| 005 | 20250521000000.0 | ||
| 009 | 20260310114719.194 | ||
| 037 | |a Acervo ITESO - Biblioteca | ||
| 041 | |a ESP | ||
| 082 | |a 200. |b BAC BOL V. 14 | ||
| 100 | |a Solano, Jesús |e (ed.) | ||
| 245 | 1 | 3 | |a La eucaristía : |b textos del Vaticano II y de Pablo VI / |c Ed. de J. Solano. |
| 264 | 4 | |a Madrid, España : |b Editorial Católica, |c 1969, c1969 | |
| 300 | |a VIII, 281 p. | ||
| 336 | |a texto |b txt |2 rdacontenido | ||
| 337 | |a sin mediación |b n |2 rdamedio | ||
| 338 | |a volumen |b nc |2 rdasoporte | ||
| 440 | 1 | |a (Biblioteca de Autores Cristianos Ediciones de Bolsillo ; |v 14) | |
| 561 | |a Ex libris de Ignacio Díaz Morales | ||
| 649 | |a XX | ||
| 650 | |a Eucaristía - |x Tema Principal | ||
| 650 | |a Sacramentos | ||
| 650 | |a Misa | ||
| 650 | |a Liturgia Cristiana | ||
| 650 | |a Catolicismo | ||
| 650 | |a Cristianismo | ||
| 650 | |a Religión | ||
| 910 | |a Fondo Ignacio Díaz Morales | ||
| 920 | |a Impresos - Libros | ||
| 930 | |a Arquitectos Jaliscienses | ||
| 905 | |a 114 | ||
| 901 | |a 0500236227 |b IT1 |c JAL |i D65594 |u 20250521 | ||
| 902 | |a https://opac.biblio.iteso.mx/vufind/Record/000345432 | ||